[Event "34th Chess Olympiad (men)"]
[Site "Istanbul"]
[Date "2000.11.04"]
[Round "7.42.4"]
[White "Jones, Richard S"]
[Black "Cots, Paltor Jordi"]
[WhiteElo "2114"]
[BlackElo "2123"]
[WhiteCountry "WLS"]
[BlackCountry "AND"]
[Result "0-1"]

1. e4 d5 2. exd5 Qxd5 3. Nc3 Qa5 4. d4 c6 5. Nf3 Nf6 6. Bc4 Bf5 7. Bd2 Qc7 
8. Qe2 e6 9. O-O-O Be7 10. Ne5 b5 11. Bb3 a5 12. g4 Nxg4 13. Nxg4 a4 
14. Nxa4 bxa4 15. Bc4 Nd7 16. Ne3 Be4 17. f3 Bd5 18. Nxd5 cxd5 19. Bd3 Rb8 
20. f4 O-O 21. Rhg1 Rfc8 22. f5 Qb6 23. Bc3 e5 24. dxe5 d4 25. Rxg7+ Kxg7 
26. Qg4+ Kh8 27. f6 Rg8 28. Qh4 Nf8 29. Bxd4 Bc5 30. Bc3 a3 31. b3 Rd8 
32. Qa4 Bd4 33. Ba5 Bb2+ 34. Kb1 Rg1 35. Bf1 
0-1

[Event "34th Chess Olympiad (men)"]
[Site "Istanbul"]
[Date "2000.11.04"]
[Round "7.43.1"]
[White "Nsubuga, Grace"]
[Black "Mossong, Hubert"]
[WhiteElo "2259"]
[BlackElo "2213"]
[WhiteCountry "UGA"]
[BlackCountry "LUX"]
[Result "1/2-1/2"]

1. e4 c5 2. Nf3 Nc6 3. Bb5 g6 4. O-O Bg7 5. c3 Nf6 6. Re1 O-O 7. d4 cxd4 
8. cxd4 d5 9. e5 Ne4 10. Nc3 Nxc3 11. bxc3 Bd7 12. Qb3 Bg4 13. Be2 Na5 
14. Qb4 Rc8 15. h3 Bxf3 16. Bxf3 e6 17. Be2 Re8 18. Bb5 Rf8 19. Ba3 a6 
20. Bf1 Re8 21. Qb2 b5 22. Bb4 Nc4 23. Bxc4 Rxc4 24. Qb3 Qd7 25. a4 a5 
26. Bxa5 bxa4 27. Qb6 Bf8 28. Reb1 Ra8 29. Qb5 Qxb5 30. Rxb5 a3 31. Ra2 h5 
32. Kf1 
1/2-1/2

[Event "34th Chess Olympiad (men)"]
[Site "Istanbul"]
[Date "2000.11.04"]
[Round "7.43.2"]
[White "Wagener, Claude"]
[Black "Opio, Steven"]
[WhiteElo "2210"]
[BlackElo "2185"]
[WhiteCountry "LUX"]
[BlackCountry "UGA"]
[Result "1-0"]

1. e4 e6 2. d4 d5 3. Nd2 dxe4 4. Nxe4 Bd7 5. Nf3 Bc6 6. Bd3 Nd7 7. O-O Be7 
8. b3 Bxe4 9. Bxe4 c6 10. c4 Ngf6 11. Bc2 O-O 12. Bb2 Qc7 13. Qe2 Rfe8 
14. Rad1 Rad8 15. a3 a5 16. Rfe1 Nf8 17. g3 Bd6 18. Kg2 b6 19. h4 Qe7 
20. Ne5 Rc8 21. a4 Bb4 22. Rf1 Qc7 23. Qf3 N8d7 24. g4 Re7 25. Nd3 Nf8 
26. h5 Ne8 27. h6 Ng6 28. Rh1 f6 29. Nxb4 axb4 30. Bc1 gxh6 31. Rxh6 Rg7 
32. Rdh1 Nf8 33. Kf1 Qd7 34. Be3 Rc7 35. R6h5 Ng6 36. Bh6 Qxd4 37. Bxg7 Rxg7 
38. Bxg6 Rxg6 39. R1h4 Qa1+ 40. Kg2 f5 41. Qxc6 Ng7 42. Rxh7 Qd4 43. Rh8+ Kf7 
44. Qc7+ Kf6 45. Rf8+ Kg5 46. Qe7+ Kf4 47. g5+ 
1-0

[Event "34th Chess Olympiad (men)"]
[Site "Istanbul"]
[Date "2000.11.04"]
[Round "7.43.3"]
[White "Kakooza, Kenneth"]
[Black "Brittner, Serge"]
[WhiteElo "2200"]
[BlackElo "2000"]
[WhiteCountry "UGA"]
[BlackCountry "LUX"]
[Result "0-1"]

1. d4 Nf6 2. Nf3 c5 3. d5 e6 4. c4 exd5 5. cxd5 d6 6. Nc3 g6 7. e4 Bg7 
8. h3 O-O 9. Bd3 b5 10. Bxb5 Nxe4 11. Nxe4 Qa5+ 12. Nfd2 Qxb5 13. Nxd6 Qa6 
14. N2c4 Nd7 15. O-O Nb6 16. Nxb6 axb6 17. a4 Bd7 18. Ra3 Be5 19. Ne4 Qc4 
20. Qf3 Bf5 21. Nd2 Qc2 22. g4 Bd7 23. Rb3 f5 24. g5 Rxa4 25. Rxb6 Rd4 
26. Re1 Re8 27. Re6 Bxe6 28. dxe6 Rxe6 29. Qa8+ Kf7 30. Qa7+ Re7 31. Qa2+ c4 
32. Rxe5 Qxc1+ 33. Nf1 Qxg5+ 34. Kh1 Rxe5 35. Qa7+ Qe7 36. Qxd4 Qb7+ 
37. Kg1 Qe4 38. Qd7+ Re7 39. Qc8 f4 40. Qh8 g5 41. Qc3 Qd3 42. Qb4 Qxh3 
43. Qxc4+ Qe6 44. Qb4 Qg4+ 45. Kh1 Qf3+ 46. Kg1 Re2 47. Qc4+ Kf6 48. Qd4+ Kg6 
49. b4 Kh5 50. Qa7 h6 51. Qb6 Re1 52. Qb5 Qe2 
0-1

[Event "34th Chess Olympiad (men)"]
[Site "Istanbul"]
[Date "2000.11.04"]
[Round "7.43.4"]
[White "Risch, Michel"]
[Black "Kantinti, Shadrack"]
[WhiteElo "2000"]
[BlackElo "2000"]
[WhiteCountry "LUX"]
[BlackCountry "UGA"]
[Result "0-1"]

1. d4 Nf6 2. c4 e6 3. Nc3 Bb4 4. e3 O-O 5. Bd3 d5 6. a3 Bxc3+ 7. bxc3 c5 
8. cxd5 Qxd5 9. Nf3 c4 10. Bb1 b5 11. a4 a6 12. axb5 axb5 13. Ba3 Rd8 
14. O-O Bb7 15. Re1 Ne4 16. Qc2 f5 17. Re2 Nc6 18. Ne1 b4 19. cxb4 Nxb4 
20. Qb2 Nd3 21. Bxd3 cxd3 22. Nxd3 Nc3 23. Nf4 Nxe2+ 24. Qxe2 Qb3 25. Qb2 Qxb2 
26. Bxb2 Rxa1+ 27. Bxa1 Rc8 
0-1

[Event "34th Chess Olympiad (men)"]
[Site "Istanbul"]
[Date "2000.11.04"]
[Round "7.44.2"]
[White "Hernandez, Basante Francisco"]
[Black "Lungu, Nase"]
[WhiteElo "2309"]
[BlackElo "2200"]
[WhiteCountry "CRC"]
[BlackCountry "ZAM"]
[Result "1/2-1/2"]

1. d4 d5 2. Bg5 h6 3. Bh4 c6 4. Nf3 Bf5 5. e3 Qb6 6. b3 Nd7 7. Bd3 Bxd3 
8. Qxd3 Ngf6 9. O-O Ne4 10. c4 g5 11. Bg3 h5 12. Ne5 Rd8 13. c5 Qa5 
14. Nxd7 Rxd7 15. Be5 f6 16. f3 Nxc5 17. Qg6+ Kd8 18. Bxf6 Rh6 19. Qxg5 Ne6 
20. Qe5 exf6 21. Qxe6 Kc7 22. Qf5 Bd6 23. a3 Kd8 24. Qd3 Qc7 25. f4 Rg7 
26. Nd2 Qd7 27. Kh1 Qg4 28. Rf2 Qh4 29. Qe2 Re7 30. Nf3 Qg4 31. Qd3 Rh8 
32. Nd2 Rhe8 33. Rf3 Rg8 34. Rg3 Qe6 35. Rxg8+ Qxg8 36. b4 Qe6 37. Nf1 Rg7 
38. Ng3 Qf7 39. Qf5 h4 40. Nh5 Rg6 41. g4 hxg3 42. hxg3 Kc7 43. Kg2 Rg8 
44. Kf3 Rf8 45. g4 Qe7 46. Ng3 Re8 47. Qd3 Rh8 48. Rh1 Rxh1 49. Nxh1 a5 
50. bxa5 Bxa3 51. Ng3 Bb4 52. a6 b5 53. Qf5 Kb6 54. Qc8 Be1 55. Qb7+ Qxb7 
56. axb7 Kxb7 57. g5 fxg5 58. fxg5 b4 59. Ke2 b3 60. Kd3 c5 61. g6 c4+ 
62. Ke2 b2 63. g7 b1=Q 64. g8=Q Bxg3 65. Qxd5+ Kb8 66. Qxc4 
1/2-1/2

[Event "34th Chess Olympiad (men)"]
[Site "Istanbul"]
[Date "2000.11.04"]
[Round "7.44.3"]
[White "Chumfwa, Stanley"]
[Black "Bermudez, Sergio"]
[WhiteElo "2200"]
[BlackElo "2185"]
[WhiteCountry "ZAM"]
[BlackCountry "CRC"]
[Result "0-1"]

1. Nf3 e6 2. c4 f5 3. g3 Nf6 4. Bg2 d5 5. O-O c6 6. d4 Bd6 7. b3 Qe7 8. Bb2 O-O 
9. Nbd2 b6 10. Ne5 Bb7 11. Ndf3 Nbd7 12. Rc1 Rac8 13. Rc2 Rfd8 14. Qa1 Ne4 
15. Nxd7 Rxd7 16. Ne5 Bxe5 17. dxe5 c5 18. f3 Ng5 19. Qc1 Rcd8 20. Qf4 Nf7 
21. cxd5 Bxd5 22. Rd2 Nh8 23. Rfd1 Ng6 24. Qa4 Bc6 25. Rxd7 Rxd7 26. Rxd7 Qxd7 
27. Qc4 Qd1+ 28. Kf2 Bd5 29. Qd3 Qxd3 30. exd3 Kf7 31. Bf1 Ke7 32. d4 cxd4 
33. Bxd4 Kd7 34. Ke3 Kc6 35. Bb2 Nf8 36. Kd4 
0-1

[Event "34th Chess Olympiad (men)"]
[Site "Istanbul"]
[Date "2000.11.04"]
[Round "7.44.4"]
[White "Trejos, Enrique"]
[Black "Lwambula, Humphrey"]
[WhiteElo "2000"]
[BlackElo "2180"]
[WhiteCountry "CRC"]
[BlackCountry "ZAM"]
[Result "1-0"]

1. e4 e5 2. Nf3 Nc6 3. Bb5 Bc5 4. O-O d6 5. c3 Bd7 6. Re1 Qe7 7. h3 Nf6 
8. d4 Bb6 9. Na3 a6 10. Ba4 Ba7 11. Bg5 h6 12. Bh4 b5 13. Bb3 Rd8 14. Nc2 Nb8 
15. Ne3 c6 16. a4 Bb6 17. Nf5 Bxf5 18. exf5 O-O 19. Qc2 Nbd7 20. Qe4 d5 
21. Qg4 e4 22. Qg3 Rfe8 23. Nh2 Rc8 24. Qe3 Bc7 25. f4 Qd6 26. Rf1 c5 
27. g4 cxd4 28. cxd4 Nb6 29. axb5 axb5 30. Rf2 Nc4 31. Bxc4 dxc4 32. Bxf6 Qxf6 
33. Nf1 Bb6 34. Rd1 Rcd8 35. Rfd2 Rd5 36. Ng3 Qe7 37. Ne2 Rd7 38. Ng3 Rd6 
39. Kg2 Qb7 40. Kh2 Qd5 41. h4 f6 42. g5 hxg5 43. fxg5 fxg5 44. hxg5 g6 
45. f6 Kf7 46. Kg2 Qe6 47. Rh1 Qd5 48. Rh7+ Kf8 49. Ne2 Rd7 50. Rh6 Kf7 
51. Rd1 Qf5 52. Rf1 Qg4+ 53. Ng3 Rxd4 54. Rh7+ Kf8 55. Qa3+ Kg8 56. Rg7+ Kh8 
57. Rh1+ Qh5 58. Nxh5 Rd2+ 59. Kg3 
1-0

[Event "34th Chess Olympiad (men)"]
[Site "Istanbul"]
[Date "2000.11.04"]
[Round "7.45.1"]
[White "Matthews, Shane"]
[Black "Al, Hadarani Hatim"]
[WhiteElo "2258"]
[BlackElo "2374"]
[WhiteCountry "JAM"]
[BlackCountry "YEM"]
[Result "0-1"]

1. e4 e6 2. d4 d5 3. Nd2 Nf6 4. e5 Nfd7 5. c3 b6 6. Ndf3 Be7 7. Bd3 c5 
8. Be3 Ba6 9. Bb1 Nc6 10. a3 Qc7 11. Ne2 O-O-O 12. O-O f6 13. exf6 gxf6 
14. Re1 Bd6 15. Kh1 Kb8 16. dxc5 bxc5 17. b4 Nce5 18. Nf4 Rhe8 19. bxc5 Nxc5 
20. Bc2 Ng4 21. Nh3 Nxe3 22. Rxe3 Bb7 23. Rb1 Ka8 24. Nd4 Qg7 25. Qh5 Ne4 
26. Bxe4 dxe4 27. Nb5 Bb8 28. c4 f5 29. g3 a6 30. a4 axb5 31. axb5 Bd6 
32. Qd1 Bc5 33. Qa4+ Kb8 34. Nf4 Qd7 35. Ra1 Qd2 
0-1

[Event "34th Chess Olympiad (men)"]
[Site "Istanbul"]
[Date "2000.11.04"]
[Round "7.45.2"]
[White "Al Badani, Abdo"]
[Black "Elliott, Warren"]
[WhiteElo "2000"]
[BlackElo "2196"]
[WhiteCountry "YEM"]
[BlackCountry "JAM"]
[Result "1-0"]

1. e4 c5 2. Nf3 d6 3. d4 cxd4 4. Nxd4 Nf6 5. Nc3 e6 6. Be2 a6 7. a4 Be7 
8. O-O Nc6 9. Be3 O-O 10. Nxc6 bxc6 11. f4 Qc7 12. Bf3 Rb8 13. Rb1 c5 
14. Qe1 Bb7 15. Qg3 d5 16. e5 Nd7 17. Bd2 Rfd8 18. Kh1 Rbc8 19. Rbe1 d4 
20. Ne4 c4 21. Ng5 Bxg5 22. Qxg5 Bxf3 23. Rxf3 Qc5 24. Rg3 g6 25. Rh3 Re8 
26. Rf1 Rb8 27. Be1 Qf8 28. b3 d3 29. Qh4 h6 30. bxc4 dxc2 31. Rc3 Rb2 
32. Rf2 Qb4 33. Rfxc2 Rxc2 34. Rxc2 Qxa4 35. Qf2 Rb8 36. Rc1 Qa3 37. Rd1 Nc5 
38. Qd4 Qb3 39. h3 Kg7 40. Bh4 Qb6 41. Be7 Rc8 42. Kh2 Qc6 43. Qe3 a5 
44. Ra1 Nd7 45. c5 a4 46. Qd4 Ra8 47. Qb4 Ra7 48. Ra3 Kh7 49. Qd4 Nxe5 
50. Bf8 Ra8 51. Bxh6 Kxh6 52. fxe5 Kg7 53. Qf2 Qc7 54. Qf6+ Kg8 55. Rf3 Ra7 
56. Rd3 Ra8 57. Rd4 g5 58. Rg4 Kf8 59. Qh6+ Ke7 60. Qxg5+ Kd7 61. c6+ Qxc6 
62. Rd4+ Ke8 63. Rf4 Qc5 64. Rh4 Ra7 65. Rh8+ Kd7 66. Qd8+ Kc6 67. Qb8 Qb6 
68. Qd6+ Kb5 69. Rb8 Rb7 70. Qd3+ Ka5 71. Ra8+ Ra7 72. Qc3+ Kb5 73. Rc8 Rb7 
74. Qc4+ Ka5 75. Rc5+ Qxc5 76. Qxc5+ Rb5 77. Qc3+ Kb6 78. h4 Rb3 79. Qc4 Ka5 
80. h5 Rb4 81. Qc5+ Rb5 82. Qc3+ Rb4 83. h6 Kb5 84. h7 Rh4+ 85. Kg3 Rh6 
86. h8=Q Rxh8 87. Kf4 Rh4+ 88. g4 Rh1 89. Qd3+ Ka5 90. Ke4 Kb4 91. Kd4 Rh4 
92. Qc4+ Ka3 93. Kc5 Rh8 94. Qb4+ Ka2 95. Qxa4+ Kb2 96. Qf4 Rc8+ 97. Kd6 
1-0

[Event "34th Chess Olympiad (men)"]
[Site "Istanbul"]
[Date "2000.11.04"]
[Round "7.45.3"]
[White "Rowe, Duane"]
[Black "Al Kadhi, Hameed"]
[WhiteElo "2000"]
[BlackElo "2335"]
[WhiteCountry "JAM"]
[BlackCountry "YEM"]
[Result "0-1"]

1. e4 c5 2. Nf3 e6 3. d4 cxd4 4. Nxd4 Nc6 5. Nc3 Qc7 6. Be3 a6 7. Bd3 Nf6 
8. O-O h5 9. h3 Nxd4 10. Bxd4 Bc5 11. Bxc5 Qxc5 12. Re1 d6 13. Qf3 h4 
14. Qe3 Qxe3 15. Rxe3 Bd7 16. e5 dxe5 17. Rxe5 Bc6 18. Rae1 Rd8 19. Rc5 Nd7 
20. Rg5 g6 21. b4 Ke7 22. a4 Rc8 23. a5 Bxg2 24. Kxg2 Rxc3 25. Be4 f5 
26. Bxb7 Kf6 27. Rxg6+ Kxg6 28. Rxe6+ Kg5 29. Bxa6 Rxc2 30. Bb7 Rb2 31. Re7 Rd8 
32. a6 Nb6 33. Bc6 Rdd2 34. b5 Rxf2+ 35. Kg1 Rfe2 36. Rxe2 Rxe2 37. Bb7 Ra2 
38. Kf1 Kf4 39. Ke1 Ke3 40. Kd1 f4 
0-1

[Event "34th Chess Olympiad (men)"]
[Site "Istanbul"]
[Date "2000.11.04"]
[Round "7.45.4"]
[White "Al-Zendani, Zendan"]
[Black "Milicevic, Slobodan"]
[WhiteElo "2224"]
[BlackElo "2000"]
[WhiteCountry "YEM"]
[BlackCountry "JAM"]
[Result "1-0"]

1. e4 e5 2. Nf3 Nc6 3. Bb5 a6 4. Ba4 d6 5. c3 Bd7 6. O-O g6 7. d4 b5 8. Bb3 Bg7 
9. Ng5 Nh6 10. f4 exf4 11. Bxf4 O-O 12. Bd5 Rb8 13. b4 Ne7 14. Bb3 Kh8 
15. Qe1 f6 16. Ne6 Bxe6 17. Bxe6 g5 18. Bc1 Ng6 19. Be3 Qe8 20. d5 Ne5 
21. Qe2 Qg6 22. Qc2 Neg4 23. Bd4 Ne5 24. Nd2 Qe8 25. a4 Ng8 26. axb5 Qxb5 
27. Ra5 Qb7 28. Rfa1 Ra8 29. Qa4 Ne7 30. Rxa6 Rxa6 31. Qxa6 Qb8 32. Rf1 N7g6 
33. g3 Ne7 34. Qe2 Qa8 35. Nf3 N7g6 36. Ne1 Ne7 37. Nc2 Qb8 38. b5 Qb7 
39. Nb4 Rb8 40. Ra1 Ra8 41. Ra6 Nc8 42. Qh5 Ne7 43. Ra7 Qb8 44. Na6 Qd8 
45. Nxc7 Rxa7 46. Bxa7 Nf3+ 47. Kf2 Nd2 48. Qe8+ Qxe8 49. Nxe8 Nc4 50. Ke2 h5 
51. Kd3 Nb2+ 52. Kc2 Nc4 53. Kb3 Na5+ 54. Kb4 Nb7 55. Bd4 
1-0

[Event "34th Chess Olympiad (men)"]
[Site "Istanbul"]
[Date "2000.11.04"]
[Round "7.46.1"]
[White "Hamdouchi, Hichem"]
[Black "Ndlovu, Ignatious"]
[WhiteElo "2541"]
[BlackElo "2000"]
[WhiteCountry "MAR"]
[BlackCountry "BOT"]
[Result "1-0"]

1. e4 e6 2. d4 d5 3. Nd2 Nf6 4. Bd3 c5 5. e5 Nfd7 6. c3 Nc6 7. Ne2 cxd4 
8. cxd4 f6 9. exf6 Nxf6 10. Nf3 Bd6 11. O-O O-O 12. Nc3 Qe8 13. Re1 Qh5 
14. h3 Bd7 15. Nb5 Bb8 16. b3 a6 17. Nc3 b5 18. Bb2 Qh6 19. Ne5 Nxe5 
20. dxe5 Nh5 21. Ne2 Qg5 22. Qc1 Nf4 23. Nxf4 Qxf4 24. Qxf4 Rxf4 25. g3 Rf7 
26. Bd4 Ba7 27. Bxa7 Rxa7 28. Rac1 g6 29. a3 Kf8 30. h4 Ke7 31. f4 Rf8 
32. Kf2 Rc8 33. Rxc8 Bxc8 34. Rc1 Kd8 35. Ke3 Bd7 36. Kd4 Be8 37. Rc2 Rg7 
38. b4 Rf7 39. Kc5 Rb7 40. g4 Rf7 41. f5 gxf5 42. gxf5 exf5 43. e6 Rf6 
44. Kxd5 Rh6 45. Kd6 f4 46. Be4 Rf6 47. Ke5 Rh6 48. Bb7 Ke7 49. Rc7+ Kf8 
50. Bd5 Rh5+ 51. Kd6 Rxh4 52. Rc8 Rh6 53. Bc6 Kg7 54. Rxe8 Rf6 55. Ke5 f3 
56. Rg8+ 
1-0

[Event "34th Chess Olympiad (men)"]
[Site "Istanbul"]
[Date "2000.11.04"]
[Round "7.46.2"]
[White "Molale, Ojentse"]
[Black "Tissir, Mohamed"]
[WhiteElo "2104"]
[BlackElo "2342"]
[WhiteCountry "BOT"]
[BlackCountry "MAR"]
[Result "0-1"]

1. d4 Nf6 2. c4 e6 3. Nc3 Bb4 4. e3 O-O 5. Bd3 b6 6. Nge2 Bb7 7. f3 d5 
8. cxd5 exd5 9. O-O Re8 10. Ng3 Bf8 11. Rf2 c5 12. Bb5 Re6 13. Nf1 Nc6 
14. dxc5 bxc5 15. Rd2 d4 16. Bc4 Rd6 17. Nb5 Rd7 18. b3 Ne5 19. Na3 Qa5 
20. Bb2 Rad8 21. e4 Qb6 22. Qe2 Nh5 23. g3 Qg6 24. Qg2 Kh8 25. Re1 f5 
26. Bd3 Nf4 27. exf5 Nxg2 28. fxg6 Nxe1 
0-1

[Event "34th Chess Olympiad (men)"]
[Site "Istanbul"]
[Date "2000.11.04"]
[Round "7.46.3"]
[White "Onkoud, Abdelaziz"]
[Black "Samuel, Boipuso"]
[WhiteElo "2309"]
[BlackElo "2117"]
[WhiteCountry "MAR"]
[BlackCountry "BOT"]
[Result "1/2-1/2"]

1. d4 d5 2. c4 c6 3. Nf3 e6 4. Nc3 f5 5. g3 Nf6 6. Bg2 Be7 7. O-O O-O 8. b3 Ne4 
9. Bb2 Nd7 10. Qc2 g5 11. Rad1 Qe8 12. Ne5 Qh5 13. Nxe4 Nxe5 14. dxe5 fxe4 
15. f3 exf3 16. Bxf3 g4 17. Bg2 Bd7 18. e4 Rxf1+ 19. Rxf1 Bc5+ 20. Kh1 d4 
21. Rf4 Be8 22. Qd1 Bg6 23. Qd2 a5 24. a3 Be7 25. Qd1 c5 26. Rxg4 Qxe5 
27. Bf3 Kh8 28. Bc1 Qc7 29. Bh6 e5 30. h4 Bf6 31. Bg5 Bg7 32. Bd2 Rf8 
33. Rg5 Qf7 34. Kg2 Bh6 35. h5 Qe7 36. Rxg6 Bxd2 37. Rb6 Qf7 38. Bg4 Qf2+ 
39. Kh3 Be1 40. Qd3 Qg1 41. Be6 Qh1+ 42. Kg4 Qg2 43. Rxb7 Bxg3 44. Bf7 Bf4+ 
45. Kf5 Qg5+ 46. Ke6 Qg4+ 47. Kd6 Rd8+ 48. Kc6 Qc8+ 49. Kb6 Qa8 50. Bd5 Rd6+ 
51. Kxc5 Rxd5+ 52. exd5 Qxb7 53. Qf5 Qc7+ 54. Kb5 Qd8 55. c5 Kg7 56. d6 Qb8+ 
57. Kxa5 Qa7+ 58. Kb5 Qb7+ 59. Ka5 Qa7+ 60. Kb5 Qb7+ 61. Ka5 
1/2-1/2

[Event "34th Chess Olympiad (men)"]
[Site "Istanbul"]
[Date "2000.11.04"]
[Round "7.46.4"]
[White "Kealeboga, Baone"]
[Black "Bintafrit, Sameer"]
[WhiteElo "2000"]
[BlackElo "2285"]
[WhiteCountry "BOT"]
[BlackCountry "MAR"]
[Result "0-1"]

1. e4 c5 2. Nf3 d6 3. d4 cxd4 4. Nxd4 Nf6 5. Nc3 a6 6. Bg5 e6 7. f4 Bd7 
8. g4 Nc6 9. Qd2 h6 10. Bxf6 Qxf6 11. Nf3 g5 12. f5 h5 13. Bh3 O-O-O 
14. Qxg5 Qxg5 15. Nxg5 Ne5 16. fxe6 fxe6 17. gxh5 Bh6 18. Nxe6 Rde8 
19. O-O Bxe6 20. Bxe6+ Rxe6 21. Rf5 Nc4 22. b3 Ne3 23. Rf7 Rg8+ 24. Kh1 Rg5 
25. Ne2 Rxe4 26. Ng3 Rh4 27. Rg1 Bg7 28. Nf5 Rxg1+ 29. Kxg1 Nxf5 30. Rxf5 Be5 
31. Rf8+ Kd7 32. Rf7+ Kc6 33. Rf5 Kd5 34. Rf7 b6 35. Ra7 a5 36. Rc7 Rxh5 
37. Rc8 Rxh2 38. Kf1 
0-1

[Event "34th Chess Olympiad (men)"]
[Site "Istanbul"]
[Date "2000.11.04"]
[Round "7.47.2"]
[White "Arias, Lemnys"]
[Black "Peralta, Eduardo"]
[WhiteElo "2000"]
[BlackElo "2330"]
[WhiteCountry "ESA"]
[BlackCountry "PAR"]
[Result "0-1"]

1. e4 c5 2. Nf3 d6 3. d4 cxd4 4. Nxd4 Nf6 5. f3 e5 6. Bb5+ Nbd7 7. Nf5 a6 
8. Bxd7+ Qxd7 9. Ne3 Be7 10. a4 O-O 11. Nc3 Qc6 12. Ned5 Nxd5 13. exd5 Qc4 
14. Qe2 Qh4+ 15. Qf2 Qxf2+ 16. Kxf2 f5 17. Ra3 Bd7 18. Rb3 b5 19. axb5 axb5 
20. Nxb5 Rfb8 21. c4 Ra4 22. Rc3 Bxb5 23. cxb5 Rxb5 24. Rd1 Raa5 25. Rcd3 Bd8 
26. Ke1 Kf7 27. b4 Ra2 28. Bd2 Bb6 29. g4 fxg4 30. fxg4 e4 31. Rh3 Rxd5 
32. Rxh7 Bd4 33. Rh5 Rxh5 34. gxh5 e3 35. Bxe3 Bxe3 36. Rxd6 Rxh2 37. Rd5 Ke6 
38. Rb5 Bd4 39. Kf1 Be5 40. Rb6+ Kf5 41. h6 g6 42. Rc6 Rxh6 43. b5 Rh2 
0-1

[Event "34th Chess Olympiad (men)"]
[Site "Istanbul"]
[Date "2000.11.04"]
[Round "7.47.3"]
[White "Patriarca, Luis"]
[Black "Segura, Javier"]
[WhiteElo "2307"]
[BlackElo "2000"]
[WhiteCountry "PAR"]
[BlackCountry "ESA"]
[Result "1/2-1/2"]

1. c4 e6 2. Nc3 d5 3. d4 c6 4. cxd5 exd5 5. Nf3 Bf5 6. Bg5 Be7 7. Bxe7 Qxe7 
8. e3 Nf6 9. Bd3 Bxd3 10. Qxd3 Nbd7 11. O-O O-O 12. Rab1 a5 13. Nd2 Rfe8 
14. Rfe1 Ne4 15. Nf1 Nb6 16. Ng3 h6 17. Re2 Nxg3 18. hxg3 Qd7 19. f3 Re6 
20. Kf2 Rg6 21. Rh1 Qc7 22. g4 Nd7 23. Rc2 Qd6 24. Ne2 Rg5 25. Ng3 Re8 
26. Nf5 Qb8 27. Rcc1 Rg6 28. Rh4 Nf8 29. Rch1 Ne6 30. Qd2 b6 31. f4 
1/2-1/2

[Event "34th Chess Olympiad (men)"]
[Site "Istanbul"]
[Date "2000.11.04"]
[Round "7.47.4"]
[White "Ricando, Chavez"]
[Black "Cubas, Jose Fernando"]
[WhiteElo "2111"]
[BlackElo "2247"]
[WhiteCountry "ESA"]
[BlackCountry "PAR"]
[Result "0-1"]

1. e4 c5 2. g3 Nc6 3. Bg2 e6 4. Ne2 Nf6 5. O-O Be7 6. c3 O-O 7. d4 d5 8. e5 Nd7 
9. Nd2 Rb8 10. Nf3 b5 11. h4 b4 12. Bg5 bxc3 13. bxc3 Ba6 14. Re1 Qa5 
15. Qc2 Rfc8 16. Rac1 cxd4 17. Bxe7 d3 18. Qd2 Nxe7 19. Nf4 Nc5 20. Nd4 Nc6 
21. Nxc6 Rxc6 22. Nh5 Qd8 23. Rb1 Rcb6 24. Rb4 Bc4 25. Bf1 Rxb4 26. cxb4 Ne4 
27. Qd1 d2 28. Rxe4 dxe4 29. Bxc4 Rc8 30. Nf6+ gxf6 31. Qg4+ Kh8 32. Bb3 d1=Q+ 
33. Bxd1 Rc1 34. Kg2 Qxd1 
0-1

[Event "34th Chess Olympiad (men)"]
[Site "Istanbul"]
[Date "2000.11.04"]
[Round "7.48.1"]
[White "Andolo, Humphrey"]
[Black "Bouaziz, Slim"]
[WhiteElo "2146"]
[BlackElo "2383"]
[WhiteCountry "KEN"]
[BlackCountry "TUN"]
[Result "0-1"]

1. d4 g6 2. Nf3 Bg7 3. g3 c5 4. Bg2 cxd4 5. Nxd4 Nc6 6. Nb3 Nf6 7. Nc3 O-O 
8. O-O d6 9. Bg5 a5 10. a4 Be6 11. e4 Nd7 12. Rb1 Nb6 13. Re1 Rc8 14. Nc1 Re8 
15. N1e2 Nb4 16. Be3 Bg4 17. f3 Bd7 18. Bxb6 Qxb6+ 19. Kh1 Qa7 20. Qd2 Rc7 
21. h3 Rec8 22. f4 Qc5 23. Rbd1 Qh5 24. Kh2 Bg4 25. Bf1 Bxc3 26. bxc3 Na2 
27. Rb1 Nxc3 28. Nxc3 Rxc3 29. Rec1 Bd7 30. Rxb7 Bxa4 31. Rb8 Qc5 
32. Rxc8+ Qxc8 33. Bd3 Bd7 34. f5 Qc5 35. h4 Qe5 36. Rb1 Rc8 37. Rb7 Bc6 
38. Ra7 Bxe4 39. Rxa5 d5 40. fxg6 hxg6 41. Qe3 Qc3 42. Ra7 Qf6 43. Ra2 Qf5 
44. Rb2 Kh7 45. Ra2 Rc6 46. Bxe4 dxe4 47. Kg2 Qd5 48. Rb2 Qe5 49. Ra2 Kg7 
50. c4 Rxc4 51. Re2 Rc3 52. Qf2 e6 53. Re3 Rd3 54. Qe1 Qd5 55. Kh3 Qf5+ 
56. Kg2 Rxe3 57. Qxe3 Qf3+ 58. Qxf3 exf3+ 59. Kxf3 f5 60. g4 fxg4+ 61. Kxg4 Kf6 
62. Kf4 e5+ 63. Kg4 Ke6 64. Kg5 e4 65. Kxg6 e3 66. h5 e2 67. h6 e1=Q 
68. Kg7 Qg3+ 
0-1

[Event "34th Chess Olympiad (men)"]
[Site "Istanbul"]
[Date "2000.11.04"]
[Round "7.48.2"]
[White "Doghri, Nabil"]
[Black "Omolo, Keneth"]
[WhiteElo "2342"]
[BlackElo "2053"]
[WhiteCountry "TUN"]
[BlackCountry "KEN"]
[Result "1-0"]

1. e4 e6 2. d4 d5 3. Nc3 Bb4 4. e5 c5 5. a3 Bxc3+ 6. bxc3 Ne7 7. Qg4 Qc7 
8. Bd3 cxd4 9. Ne2 Nbc6 10. cxd4 Bd7 11. O-O Ng6 12. h4 h5 13. Qg3 Nce7 
14. a4 Kf8 15. Ba3 Kg8 16. Rfb1 Bc6 17. Qg5 a6 18. Ng3 Qd8 19. a5 Rc8 
20. Bc5 Ra8 21. Bb6 Qf8 22. Nxh5 Nf5 23. Bxf5 exf5 24. e6 Qe7 25. exf7+ Qxf7 
26. Re1 Nxh4 27. Nf4 Re8 28. Rxe8+ Qxe8 29. c4 dxc4 30. d5 Qe5 31. Rd1 Ba4 
32. Bd4 Qc7 33. Re1 
1-0

[Event "34th Chess Olympiad (men)"]
[Site "Istanbul"]
[Date "2000.11.04"]
[Round "7.48.3"]
[White "Kanyingi, Joseph"]
[Black "Bejaoui, Anis"]
[WhiteElo "2200"]
[BlackElo "2124"]
[WhiteCountry "KEN"]
[BlackCountry "TUN"]
[Result "0-1"]

1. d4 Nf6 2. c4 g6 3. Nc3 d5 4. Nf3 Bg7 5. Qb3 dxc4 6. Qxc4 O-O 7. e4 a6 
8. Qb3 b5 9. h3 Bb7 10. e5 Nd5 11. Be2 Nxc3 12. bxc3 c5 13. O-O cxd4 
14. cxd4 Bd5 15. Qa3 Nc6 16. Be3 Qd7 17. Rfd1 Rfd8 18. Nd2 Qa7 19. Nb3 Bxb3 
20. axb3 Nxd4 21. Rxd4 Rxd4 22. Bxb5 Bxe5 23. Be2 Rad8 24. Rf1 R8d6 25. Qa5 Bf6 
26. Rc1 Kg7 27. Kh1 Qb7 28. Bxd4 Bxd4 29. Bc4 Bxf2 30. Rf1 Rf6 31. Qe5 Bb6 
32. Rd1 Ba7 33. Rd8 Qb6 34. Rd1 Bb8 35. Qxe7 Qf2 36. Qe1 Qf4 37. g3 Qf3+ 
38. Kg1 Bxg3 
0-1

[Event "34th Chess Olympiad (men)"]
[Site "Istanbul"]
[Date "2000.11.04"]
[Round "7.48.4"]
[White "Gassouma, Mokhtar"]
[Black "Magana, Ben"]
[WhiteElo "2000"]
[BlackElo "2000"]
[WhiteCountry "TUN"]
[BlackCountry "KEN"]
[Result "1-0"]

1. d4 d5 2. Nf3 e6 3. e3 f5 4. Ne5 Nf6 5. c4 Be7 6. Nd2 O-O 7. Bd3 c6 
8. O-O Bd6 9. f4 Qe8 10. Rf3 Ne4 11. Rh3 Nd7 12. Ndf3 Ndf6 13. Qe1 Bxe5 
14. Nxe5 Qe7 15. Qh4 g6 16. b3 Re8 17. Bxe4 dxe4 18. Rg3 Qg7 19. Bb2 Nh5 
20. Rg5 Nf6 21. h3 Rf8 22. g4 Re8 23. Kh1 Nd7 24. d5 Nxe5 25. Bxe5 Qf7 
26. gxf5 exf5 27. Rxg6+ Qxg6 28. Rg1 Qxg1+ 29. Kxg1 Rf8 30. Bd6 Re8 
31. Qg5+ Kf7 32. Qh5+ 
1-0

[Event "34th Chess Olympiad (men)"]
[Site "Istanbul"]
[Date "2000.11.04"]
[Round "7.49.1"]
[White "Sosa, Luis"]
[Black "Gentilleau, Jean-Philippe"]
[WhiteElo "2166"]
[BlackElo "2177"]
[WhiteCountry "PUR"]
[BlackCountry "MNC"]
[Result "1-0"]

1. d4 e6 2. e4 d5 3. Nc3 Nf6 4. Bg5 dxe4 5. Nxe4 Be7 6. Bxf6 gxf6 7. Qd2 b6 
8. Nf3 Bb7 9. Bb5+ c6 10. Bd3 f5 11. Ng3 h5 12. h4 Nd7 13. O-O-O c5 
14. dxc5 Qc7 15. Bb5 O-O-O 16. Bxd7+ Rxd7 17. Qxd7+ Qxd7 18. Rxd7 Kxd7 
19. Ne5+ Ke8 20. c6 Ba6 21. Rd1 Bc8 22. c3 Bc5 23. Rd2 Ke7 24. b4 Kf6 
25. bxc5 Kxe5 26. c7 Kf6 27. Rd8 Kg7 28. Nxh5+ 
1-0

[Event "34th Chess Olympiad (men)"]
[Site "Istanbul"]
[Date "2000.11.04"]
[Round "7.49.2"]
[White "Farleigh, Richard"]
[Black "Santa, Torres Juan"]
[WhiteElo "2199"]
[BlackElo "2226"]
[WhiteCountry "MNC"]
[BlackCountry "PUR"]
[Result "0-1"]

1. g3 e5 2. c4 d6 3. Bg2 f5 4. Nc3 Nf6 5. d3 Be7 6. Nf3 O-O 7. O-O a5 
8. Rb1 Qe8 9. Ne1 c6 10. f4 Nbd7 11. a3 Bd8 12. e3 Bb6 13. Nc2 a4 14. Kh1 exf4 
15. gxf4 Nc5 16. Nd4 Ng4 17. Qd2 Rf6 18. Nd1 Rh6 19. h3 Nf6 20. b4 axb3 
21. Nxb3 Na4 22. Rf3 Bd8 23. Nb2 Nb6 24. Nd1 d5 25. c5 Nbd7 26. Nc3 Be7 
27. d4 Nf8 28. Qe2 Ne4 29. Nd1 Ng6 30. Kh2 Nh4 31. Rf1 Qg6 32. Rg1 Qg3+ 
33. Kh1 Nxg2 34. Rxg2 Qxh3+ 35. Rh2 Ng3+ 
0-1